Statistics for Flags of North & South America

Click here to take the quiz!

General Stats

  • This quiz has been taken 27 times
  • The average score is 22 of 27

Answer Stats

Answer% Correct
Brazil
95%
Canada
90%
Cuba
90%
USA
90%
Columbia
85%
Haiti
85%
Jamaica
85%
Mexico
85%
Uruguay
85%
Venezuela
85%
Antigua
80%
Bahamas
80%
Belize
80%
Chile
80%
Dominican Republic
80%
Ecuador
80%
Guyana
80%
Suriname
80%
Trinidad & Tobago
80%
Peru
75%
St. Lucia
75%
St. Vincent & the Grenadines
75%
Barbados
70%
Grenada
70%
Paraguay
70%
Bolivia
65%
St. Kitts & Nevis
60%

Score Distribution

Percentile by Number Answered

Percent of People with Each Score

Your Score History

You have not taken this quiz